Statistics for Flags of Every Island Country

Click here to take the quiz!

General Stats

  • This quiz has been taken 48 times
  • The average score is 40 of 47

Answer Stats

Answer% Correct
Cyprus
100%
Ireland
100%
Jamaica
100%
Japan
100%
Iceland
98%
Malta
98%
New Zealand
98%
United Kingdom
98%
Cuba
95%
Palau
95%
Saint Lucia
93%
Philippines
91%
Seychelles
91%
Singapore
91%
Sri Lanka
91%
Bahrain
88%
Barbados
88%
Indonesia
88%
Maldives
88%
Brunei
86%
Dominican Republic
86%
Madagascar
86%
Nauru
86%
Papua New Guinea
86%
Taiwan
86%
Tonga
86%
Trinidad and Tobago
86%
Antigua and Barbuda
81%
Bahamas
81%
Federated States of Micronesia
81%
Fiji
81%
Haiti
81%
Comoros
79%
Kiribati
79%
Marshall Islands
79%
Samoa
79%
Cape Verde
77%
Dominica
77%
Grenada
77%
Saint Vincent and the Grenadines
77%
Sao Tome and Principe
77%
Tuvalu
77%
Saint Kitts and Nevis
72%
Vanuatu
72%
East Timor
70%
Mauritius
67%
Solomon Islands
63%

Score Distribution

Percentile by Number Answered

Percent of People with Each Score

Your Score History

You have not taken this quiz